Airlines by Route Map - Statistics

General Stats
  • This quiz has been taken 2,854 times
  • The average score is 9 of 16
Answer Stats
Picture Answer % Correct
IcelandAir
93%
Emirates
73%
Malaysia Airlines
73%
Kenya Airways
72%
Ryanair
70%
Delta
68%
American Airlines
67%
KLM
61%
Ethiopian Airlines
58%
Saudia
52%
JetBlue
51%
EgyptAir
50%
LATAM
49%
Spirit
39%
Turkmenistan Airways
37%
AirBaltic
35%
No matching quizzes found
Score Distribution
Percent of People with Each Score
Percentile by Number Answered
Your Score History
You have not taken this quiz